00674nam a22001571a 4500003000600000005001700006008004100023100002700064245009900091260003500190300001500225440009400240500010200334650004000436650004000476NEGST20110718115603.0030714s2000 001 0 eng d1 aMattah, Naphtaly P. O.14aThe structure and function of ideophones in the SUBA language cNaphtaly P. O. Mattah.h[Text] aNairobi, Kenya.]b[NEGSTc2000 aviii, 61p. aThesis (M.A. Translation Studies) Nairobi Evangelical Graduate School of Theology (Kenya) aIncludes bibliographical references Thesis (M.A. Translation Studies) - NEGST, Nairobi [Africana] 0aSubaxAfrican languagexIdeophones. 0aIdeophonesxAfrican languagexSuba.